000
00311nam a2200121Ia 4500
008
191201s2011 xx 000 0 und d
100
_a
SINGH,Jatinder
245
0
_a
Text Book of Computer Organization and Architecture
260
_a
N. Delhi
_b
Udh
_c
2011
300
_a
345
650
_a
B.Tech(CSE)
942
_2
ddc
_c
BK
999
_c
703
_d
703